00230nam a22000857a 4500008004100000245004900041250001200090260003300102500000900135190403e1983 mx ||||| |||| 00| 0 spa d aTratado de Medicina Interna de CecildVol. 2 a15a ed. aMexicobInteramericanac1983 3Baja